No llores, Miguel / (Registro nro. 12391)

Detalles MARC
000 -LIDER
fixed length control field 00821cam a2200301 i 4500
003 - IDENTIFICACDOR DE NÚMERO DE CONTROL
control field DO-SdBNP
005 - DATE AND TIME OF LATEST TRANSACTION
control field 20180212111442.0
008 - ELEMENTOS DE LONGITUD FIJA
fixed length control field 100514s 1990 sp a | |||| 000 f spa
015 ## - NÚMERO DENTRO DE LA BIBLIOGRAFÍA NACIONAL
National bibliography number
017 ## - NÚMERO DE REGISTRO DE DERECHOS DE AUTOR
Copyright or legal deposit number
Assigning agency
020 ## - ISBN
International Standard Book Number 843483280
035 ## - NÚMERO LOCAL
System control number
040 ## - FUENTE DE CATALOGACIÓN
Agencia que crea de manera original el registro BPMSU
Idioma de catalogación spa
Agencia que realiza la transcripción BPMSU
Convenciones de la despripción
080 ## - NÚMERO DE CLASIFICACIÓN DECIMAL UNIVERSAL
Universal Decimal Classification number
100 1# - ASIENTO PRINCIPAL -- NOMBRE PERSONAL
Nombre personal Núñez, Pablo
245 10 - MENCIÓN DE TITULO
Título No llores, Miguel /
Medio (Designación general de material)
Mención de responsabilidad Pablo Núñez, Ricardo Alcántara
250 ## - MENCIÓN DE EDICION
Mención de edición 4a. ed.
260 ## - PUBLICACIÓN, DISTRIBUCIÓN, ETC. (PIE DE IMPRENTA)
Lugar de publicación, distribución, etc Madrid :
Nombre del editor, distribuidor, etc. SM,
Fecha de publicación, distribución, etc 1990.
300 ## - DESCRIPCIÓN FÍSICA
Extensión [7] p.:
Otros detalles físicos il.
Dimensiones 19 cm.
490 0# - MENCIÓN DE SERIES
Mención de serie Los duros del barco de vapor
Volume/sequential designation 10
500 ## - NOTA GENERAL
Nota general Libro de paginas de cartón.
700 12 - ASIENTO SECUNDARIO -- NOMBRE PERSONAL
Nombre personal Alcántara, Ricardo
700 12 - ASIENTO SECUNDARIO -- NOMBRE PERSONAL
Nombre personal Jaramillo, Gloria
Mención de responsabilidad trad.
830 #0 - ASIENTO SECUNDARIO DE SERIE--TÍTULO UNIFORME
Título uniforme Los duros del barco de vapor
Número de la parte o sección de una obra 10
942 ## - ADDED ENTRY ELEMENTS (KOHA)
Source of classification or shelving scheme Dewey Decimal Classification
Koha item type Libros
945 ## - INFORMACIÓN DE PROCESAMIENTO LOCAL
Información de procesamiento local Inventariado, 2018/ YL
956 ## - LOCAL ELECTRONIC LOCATION AND ACCESS (OCLC)
Nombre de host YLOCKWARD
Número de acceso 10
Información de compresión BPMSU
Existencias
Withdrawn status Lost status Source of classification or shelving scheme Damaged status Not for loan Collection code Home library Current library Date acquired Source of acquisition Cost, normal purchase price Total Checkouts Barcode Date last seen Price effective from Koha item type
    Dewey Decimal Classification     Colección Infantil General Biblioteca Pública Metropolitana Salomé Ureña Biblioteca Pública Metropolitana Salomé Ureña 12/13/2016 Compra Cuesta 52.20   BPMSU16120268 12/13/2016 12/13/2016 Libros